Statistiken für Liedtext - Achterbahn - Clueso

Klicken Sie hier um das Quiz zu spielen!

Allgemein

  • Dieses Quiz wurde 59 mal gespielt
  • Das Durchschnittsergebnis liegt bei 221 aus 341

Antwortstatistiken

Textquiz% Korrekt
Achterbahn
98%
'ne
96%
ne
96%
Ich
92%
ich
92%
Da
90%
das
90%
der
87%
die
85%
ein
85%
nen
85%
mich
83%
den
81%
es
81%
mit
81%
auf
79%
sie
79%
So
79%
so
79%
und
79%
Und
79%
an
77%
dass
77%
Dass
77%
all
75%
fahr
75%
wie
75%
aus
73%
denn
73%
Denn
73%
zu
73%
Nach
71%
nach
71%
Alle
69%
alle
69%
fühl
69%
gut
69%
noch
69%
sich
69%
für
67%
Mein'
67%
mein'
67%
sag
67%
wollen
65%
fahren
63%
fühlt
63%
lebe
63%
man
63%
Man
63%
will
63%
habe
62%
nen
62%
nicht
62%
immer
60%
Jahren
60%
diesen
58%
Gruß
58%
kann
58%
nem
58%
dem
56%
doch
56%
Hallo
56%
oder
56%
Ohne
56%
ohne
56%
Plan
56%
was
56%
mach'
54%
mach
54%
können
52%
weiter
52%
Welt
52%
bau
50%
haben
50%
macht
48%
Damit
46%
Haus
46%
Komm
46%
komm
46%
mal
46%
nur
46%
hebe
44%
mehr
44%
Weltreise
44%
Arm
42%
Baum
42%
gehör
42%
geht
42%
Geld
42%
lass
42%
kenn
40%
pflanze
40%
schreibe
40%
über
40%
werd
40%
Countdown
38%
gegen
38%
ihren
38%
Kristallkugel
38%
Sport
38%
zählen
38%
Zukunft
38%
des
37%
erwachsen
37%
hinsetz
37%
schau
37%
soll
37%
treibe
37%
unterstützen
37%
Armlehne
35%
Enkel
35%
tragen
35%
dick
33%
draufhaben
33%
Eltern
33%
Etwas
33%
Frauen
33%
Superhits
33%
Trubel
33%
wegen
33%
auftragen
31%
bleib
31%
finden
31%
flexibel
31%
Lebens
31%
Schenkeln
31%
schönen
31%
Schweinehund
31%
Sicherstellen
31%
Sinn
31%
Grenzen
29%
inneren
29%
Kompetenzen
29%
Raubbau
29%
jage
27%
schaff
23%
beiseite
21%

Verteilung der Resultate

Perzentil nach korrekt beantworteten Fragen

Anzahl Personen mit jedem Resultat

Ihre Resultats-Entwicklung

Sie haben dieses Quiz noch nicht gespielt